Tunnista suomalainen julkkis #2 - Statistics

Yleistilastot
  • Tätä visaa on pelattu 281 kertaa
  • Keskiarvotulos 8 / 16
Vastaustilastot
Kuvavisa Vastaus % Oikein
Alma Miettinen
90%
Viivi Korhonen
78%
Mirella Roininen
73%
Tuomas Kokkonen (Tume)
69%
Aniachunamoso Nnebedum (Ani)
65%
Mikael Renwall
63%
Ville Virtanen (William)
59%
Harlova Vukulu (Turisti)
54%
Lauri Haav
54%
Aino Morko (Pehmoaino)
50%
Sonja Aiello
46%
Samuel Shipway
41%
Aaro Niinistö
30%
Jonttu Luhtavaara
26%
Elias Salonen
24%
Kuura Rossi
23%
Ehtoja vastaavia visoja ei löytynyt
Tulosjakauma
Jokaisen tuloksen saaneiden osuus
Persentiili vastausten määrän mukaan
Tuloshistoriasi
Et ole pelannut tätä visaa